000 00276nam a2200109Ia 4500
008 240624s9999 xx 000 0 und d
041 _aeng
082 _a658.4063 GOP
100 _aGOPALKRISHNAN R
245 _aBIOGRAPHY OF INNOVATIONS
260 _aNewzealand
_bPenguin Portfolio
999 _c30439
_d30439